Developmental Biology
Guardat en:
| Autor principal: | |
|---|---|
| Format: | Llibre |
| Idioma: | anglès |
| Publicat: |
Ishwar Books
2018
|
| Etiquetes: |
Afegir etiqueta
Sense etiquetes, Sigues el primer a etiquetar aquest registre!
|
MARC
| LEADER | 00000nam a22000007a 4500 | ||
|---|---|---|---|
| 008 | 230807b |||||||| |||| 00| 0 eng d | ||
| 020 | |a 9789386806086 | ||
| 100 | |a SINGH, Bibhuti Dutta | ||
| 245 | |a Developmental Biology |c Bibhuti Dutta Singh |g vi, 278p; ill | ||
| 260 | |b Ishwar Books |c 2018 |h New Delhi |i 700334 |i 700335 |l QL955.Si6 |m Embryology | ||
| 500 | |a it includes index | ||
| 942 | |a lcc |c BK |e Johnson |f 07/08/23 | ||
| 952 | |0 0 |1 0 |2 lcc |4 0 |6 QL0955 S I6 |7 0 |9 4341 |a SL |b HOL |c QZ |d 2023-08-07 |l 0 |o QL955.Si6 |p 2023-0266 |r 2023-08-07 00:00:00 |t 700334 |w 2023-08-07 |y BK | ||
| 952 | |0 0 |1 0 |2 lcc |4 0 |6 QL0955 S I6 |7 0 |9 4342 |a HOL |b HOL |c QZ |d 2023-08-07 |l 0 |o QL955.Si6 |p 2023-0267 |r 2023-08-07 00:00:00 |t 700335 |w 2023-08-07 |y BK | ||
| 999 | |c 2181 |d 2181 | ||